Rendszer és természettudomány az angol iskolákban

Elmentve itt :
Bibliográfiai részletek
Szerző: Kelemen Ignác
Dokumentumtípus: Cikk
Megjelent: 1909
Sorozat:Magyar pedagógia : a Magyar Tudományos Akadémia Pedagógiai Bizottságának folyóirata 18
Kulcsszavak:Oktatásügy Anglia 20. sz., Természettudományok tanítása általános iskola, Természettudományok tanítása középiskola, Anglia oktatásügye
Online Access:http://misc.bibl.u-szeged.hu/8488
LEADER 00796nab a2200181 i 4500
001 misc8488
005 20191106143845.0
008 170607s1909 hu o 0|| hun d
022 |a 0025-0260 
040 |a SZTE Miscellanea Repozitórium  |b hun 
041 |a hun 
100 1 |a Kelemen Ignác 
245 1 0 |a Rendszer és természettudomány az angol iskolákban  |h [elektronikus dokumentum] /  |c  Kelemen Ignác 
260 |c 1909 
300 |a 176-182 
490 0 |a Magyar pedagógia : a Magyar Tudományos Akadémia Pedagógiai Bizottságának folyóirata  |v 18 
695 |a Oktatásügy Anglia 20. sz., Természettudományok tanítása általános iskola, Természettudományok tanítása középiskola, Anglia oktatásügye 
856 4 0 |u http://misc.bibl.u-szeged.hu/8488/1/mp_1909_1364_176-182.pdf  |z Dokumentum-elérés